Disney hahmot kuvavisa - Statistics

Yleistilastot
  • Tätä visaa on pelattu 250 kertaa
  • Keskiarvotulos 46 / 77
Vastaustilastot
Kuvavisa Vastaus % Oikein
Aku ankka
96%
Tiku ja Taku
96%
Bambi
95%
Mikki Hiiri
92%
Elsa
91%
Lumikki
91%
Aladdin
90%
Helinä
90%
Hirviö
90%
Minni Hiiri
90%
Roope ankka
90%
Anna
88%
Dumbo
88%
Nemo
87%
Pinokkio
87%
Tuhkimo
87%
Ariel
86%
Hessu hopo
86%
Nasu
86%
Belle
84%
Tähkäpää
84%
Ihaa
83%
Pluto
83%
Prinsessa Ruusunen
83%
Tarzan
83%
Mulan
80%
Helinä keiju
78%
Pocahontas
77%
Liisa
76%
Ruu
76%
Lilo
75%
Simba
75%
Tiikeri
74%
Ursula
72%
Pumba
70%
Timon
70%
Stich
69%
Vaiana
68%
Herkules
64%
Pöllö
63%
Sven
60%
Buzz Lightyear
58%
Cruella de vil
58%
Henki
57%
Mufasa
55%
Topi ja Tessu
55%
Mummo ankka
54%
Rumpali
54%
Koda
53%
Samu Sirkka
52%
Tiana
51%
Kristoff
50%
Möhköfantti
49%
Merida
47%
Pärsky
42%
Mowgli
41%
Raya
36%
Basil hiiri
35%
Hansu hanhi
35%
Musta Pekka
35%
Bernard ja Bianca
33%
Matami mimmi
31%
Olof
29%
Sepe Susi
27%
Hiawatha
26%
Kukka
26%
Paha kuningatar
26%
Pikku hukka
26%
Hans Westergaard
25%
Taavi
24%
Pepi
22%
Uljas
10%
Faline
8%
Veli nalle
6%
Elviira
3%
Tikki ja Vikki
2%
Vusselit
2%
Ehtoja vastaavia visoja ei löytynyt
Tulosjakauma
Jokaisen tuloksen saaneiden osuus
Persentiili vastausten määrän mukaan
Tuloshistoriasi
Et ole pelannut tätä visaa